Supreme Court Constitutional Appeal No.2 of 2003 Attorney General Vs Dr. James Rwanyarare and others. (Record no. 2731)
[ view plain ]
| 000 -LEADER | |
|---|---|
| fixed length control field | 00362nam a22000977a 4500 |
| 008 - FIXED-LENGTH DATA ELEMENTS--GENERAL INFORMATION | |
| fixed length control field | 110613t xxu||||| |||| 00| 0 eng d |
| 010 ## - LIBRARY OF CONGRESS CONTROL NUMBER | |
| LC control number | SCCAF-32 |
| 245 ## - TITLE STATEMENT | |
| Title | Supreme Court Constitutional Appeal No.2 of 2003 Attorney General Vs Dr. James Rwanyarare and others. |
| 260 ## - PUBLICATION, DISTRIBUTION, ETC. (IMPRINT) | |
| Date of publication, distribution, etc | 2003 |
| 500 ## - GENERAL NOTE | |
| General note | CORAM:Odoki, CJ;Oder, Tsekooko,Karokora,Mulenga, Kanyeihamba & Kato, JJ.SC. |
No items available.
